দ্য ডিভোশন অব সাসপেক্ট এক্স / (Record no. 14504)
[ view plain ]
| 000 -LEADER | |
|---|---|
| fixed length control field | 00981nam a22002417a 4500 |
| 001 - CONTROL NUMBER | |
| JCCL Control Number | 14504 |
| 003 - CONTROL NUMBER IDENTIFIER | |
| JCCL marc code | BD-JhCC |
| 005 - DATE AND TIME OF LATEST TRANSACTION | |
| control field | 20260127114126.0 |
| 008 - FIXED-LENGTH DATA ELEMENTS--GENERAL INFORMATION | |
| fixed length control field | 260121b |||||||| |||| 00| 0 eng d |
| 020 ## - INTERNATIONAL STANDARD BOOK NUMBER | |
| International Standard Book Number | 9789848729984 |
| 035 ## - SYSTEM CONTROL NUMBER | |
| system control number | (BD-JhCC) 14504 |
| 040 ## - CATALOGING SOURCE | |
| Original cataloging agency | BD-JhCC |
| Modifying agency | BD-JhCC |
| 041 ## - LANGUAGE CODE | |
| Language code of Book | Bangla |
| 082 ## - DEWEY DECIMAL CLASSIFICATION NUMBER | |
| DDC Edition number | 23 |
| Classification number | 895.636 |
| Author mark and Year | HIG 2020 |
| 100 ## - MAIN ENTRY--PERSONAL NAME | |
| Personal name | হিগাশিনো,কিয়েগো |
| 245 ## - TITLE STATEMENT | |
| Title | দ্য ডিভোশন অব সাসপেক্ট এক্স / |
| Statement of responsibility, etc | কিয়েগো হিগাশিনো, অনুবাদঃ সালমান হক |
| 246 ## - VARYING FORM OF TITLE | |
| Title proper/short title | The Devotion Of Suspect X |
| 260 ## - PUBLICATION, DISTRIBUTION, ETC. (IMPRINT) | |
| Place of publication, distribution, etc | ঢাকাঃ |
| Name of publisher, distributor, etc | বাতিঘর প্রকাশনী, |
| Date of publication, distribution, etc | ২০২০ |
| 300 ## - PHYSICAL DESCRIPTION | |
| Pagination | ২৬৭ পৃ.; |
| Dimensions | ২২ সেমি. |
| Accompanying material | পেপার বাইণ্ডিং |
| 650 ## - SUBJECT ADDED ENTRY--TOPICAL TERM | |
| Topical term or geographic name as entry element | জাপানি সাহিত্য-ফিকশন |
| 700 ## - ADDED ENTRY--PERSONAL NAME | |
| Personal name | হক,সালমান |
| Fuller form of name | [অনুবাদক] |
| 942 ## - ADDED ENTRY ELEMENTS (KOHA) | |
| Source of classification or shelving scheme | Dewey Decimal Classification |
| Koha item type | Books |
| Source of classification or shelving scheme | Damaged status | Not for loan | Collection code | Home library | Current library | Shelving location | Date of accession | Cost, normal purchase price | Total Checkouts | Full call number | Barcode | Date last seen | Date checked out | Copy number | Method of acquisition | Koha item type | Currency | Checked out |
|---|---|---|---|---|---|---|---|---|---|---|---|---|---|---|---|---|---|---|
| Dewey Decimal Classification | Fiction | JCC Rouf Library | JCC Rouf Library | General Stacks | 01/21/2026 | 460.00 | 1 | 895.636 HIG 2020 | 20301 | 02/05/2026 | 01/29/2026 | C-1 | Purchase | Books | BDT | |||
| Dewey Decimal Classification | Fiction | JCC Rouf Library | JCC Rouf Library | General Stacks | 01/21/2026 | 460.00 | 1 | 895.636 HIG 2020 | 20302 | 01/29/2026 | 01/29/2026 | C-2 | Purchase | Books | BDT | 02/24/2026 |